000 00457nam a2200205Ia 4500
003 0100
008 130227s9999 xx 000 0 und d
040 _cARRUPELIB
050 _aBP161.3H49 2006
100 _aHewer,C.T.R.
245 _aUnderstanding Islam
245 _bthe first ten steps
260 _aLondon
260 _bSCM Press
260 _C2006
300 _axi
300 _b 244p. 23cm.
650 _bJesuits - Rules
942 _2lcc
_04
999 _c5944
_d5944